01006nam a22003137a 4500003000900000005001700009007000700026008003200033017000900065020001800074035000600092040002500098080000600123082001700129100004200146245005300188250003100241260003700272300002100309490002900330650003300359700005000392830002900442942001200471945002800483952012200511956004200633999001700675DO-SdBNP20180201111013.0001158160818b 2004 sp|| 00| 0 spa d a b  a9788466303880 a  aBPMSUbspacBPMSUe  a  4a861.5bB398r1 aBécquer, Gustavo Adolfo,d1836-18701 aRimas y Leyendas /cGustavo Adolfo Bécquer,b  a3a ed. Anotada y comentada aMadrid :bSuma de Letras,c2004. a281 p. ;c18 cm.1 a Punto de lecturav300/2 7aPOESÍAS ESPAÑOLA x 2 1 aMadroñal Durán, Abrahameestudios y notas 0a Punto de lecturan300/2 2ddccBK aInventariado, 2018 / BT 00102ddc40708CJ-GaBPMETbBPMETd2016-08-18eALFAGUARAl0o861.5 B398rpBPMSU16080202r2016-08-18w2016-08-18yBK aBTAVÁREZb10d20160818fBPMSUh0038 c11172d11172